Stolice Europy (#1) bez spółgłosek - Statystyki

Ogólne statystyki
  • Ten quiz został rozwiązany 59 razy
  • Średni wynik to 10 z 15
Statystyki odpowiedzi
Litery Stolica % Poprawnych
_a___a_a Warszawa
84%
_i_ó_ Kijów
82%
_u_a_e___ Budapeszt
79%
A__o_a Andora
75%
_u_a_e___ Bukareszt
75%
_e__i_ Berlin
74%
_a__y_ Madryt
70%
_o_ia Sofia
70%
_o___a Moskwa
68%
_a__i__ Tallinn
67%
_i___ Mińsk
65%
_o_e__a_a Kopenhaga
63%
_o__o_i_a Podgorica
58%
_e___a_ Belgrad
44%
_a__e__a Valletta
33%
Nie znaleziono quizów pasujących do podanych kryteriów
Rozkład punktacji
Procent ludzi z każdym wynikiem
Percentyl według liczby udzielonych odpowiedzi
Twoja historia wyników
Nie rozwiązałeś tego quizu